000 00711nam a22002297a 4500
005 20170124110250.0
010 _aB-217837
020 _c800.00
_a8188583448
035 _aB-217837
037 _bCen Lib/Ret
040 _aDPL
_bEN
082 _a330
_bREF
110 _aNew Delhi.Reference Press
_998457
245 _aReference manual for UGC examinations :
_beconomics /
260 _aNew Delhi
_bReference Press
_c2004
270 _a4831/24, Ansari Road Darya Ganj
_bNew Delhi
_e110002
300 _aviii,437p.
_c21cm(Hb)
500 _aIncludes index
650 _aEducation--Examinations
_998458
650 _aReference Manual--Economics
_998459
942 _2ddc
_cEN
_h330
_mREF
999 _c135788
_d135788